|
|
|
|
| LEADER |
01374nam a2200397 a 4500 |
| 001 |
001431551 |
| 003 |
CZ BrMZK |
| 005 |
20141119135500.0 |
| 007 |
ta |
| 008 |
141024s2004 xr ah e 001 0 cze |
| 015 |
|
|
|a cnb002704220
|
| 020 |
|
|
|a 80-86687-11-2
|q (brož.)
|
| 040 |
|
|
|a BOA001
|b cze
|
| 043 |
|
|
|a e-xr---
|b e-xr-jm
|2 czenas
|
| 072 |
|
7 |
|a 625
|x Pozemní komunikace. Železniční stavitelství
|2 Konspekt
|9 19
|
| 080 |
|
|
|a 624.2/.8
|2 MRF
|
| 080 |
|
|
|a 625.745.11
|2 MRF
|
| 080 |
|
|
|a 625
|2 MRF
|
| 080 |
|
|
|a (437.322)
|2 MRF
|
| 080 |
|
|
|a (048.8)
|2 MRF
|
| 100 |
1 |
|
|a Smutný, Jiří,
|d 1950-2018
|7 xx0006882
|4 aut
|4 pht
|
| 245 |
1 |
0 |
|a Židlochovické mosty a lávky /
|c Jiří Smutný
|
| 250 |
|
|
|a 1. vyd.
|
| 260 |
|
|
|a Modřice :
|b Josef Tůma,
|c 2004
|
| 300 |
|
|
|a 80 s. :
|b 80 s. :
|c il., faksim. ;
|e 21 cm
|
| 500 |
|
|
|a Chronologický přehled
|
| 504 |
|
|
|a Obsahuje bibliografii, bibliografické odkazy a rejstřík
|
| 650 |
0 |
7 |
|a mosty
|7 ph115357
|z Česko
|2 czenas
|
| 650 |
0 |
7 |
|a mosty pro chodce
|7 ph412817
|z Česko
|2 czenas
|
| 650 |
0 |
7 |
|a dopravní stavby
|7 ph119575
|x dějiny
|2 czenas
|
| 655 |
|
7 |
|a přehledy
|7 fd133202
|2 czenas
|
| 651 |
|
7 |
|a Židlochovice (Česko)
|7 ge131614
|2 czenas
|
| 910 |
|
|
|a BOA001
|b 2-1334.281
|
| 990 |
|
|
|a BK
|
| 991 |
|
|
|b 201411
|c NOV
|e n
|
| 996 |
6 |
|
|b 2610608598
|c 2-1334.281
|l MZK
|r Sklad / do 1 hodiny
|n 5
|p p.v.
|w 001466778
|u 000010
|a 1
|e BOA001
|j MZK50
|s P
|